Southville International School and Colleges
Your cart is empty.
  • Cart
  • Lists
    Public lists Eva Luna New books Lux_list list_1
    Your lists Log in to create your own lists
  • Log in to your account
  • Your cookies
  • Search history
Southville International School and Colleges
  • Advanced search
  • Recent comments
  • Most popular
  • Libraries

Log in to your account

Log in with GOOGLE


If you do not have an external account, but do have a local account, you can still log in:

  1. Home
  2. MARC view: Chicken soup for the teenage soul :
Normal view MARC view ISBD view

Chicken soup for the teenage soul : (Record no. 21914)

[ view plain ]
MARC details
000 -LEADER
fixed length control field 00653nam a2200205 a 4500
005 - DATE AND TIME OF LATEST TRANSACTION
control field 20140310183345.0
008 - FIXED-LENGTH DATA ELEMENTS--GENERAL INFORMATION
fixed length control field 070125s19uu xx 00 eng d
020 ## - INTERNATIONAL STANDARD BOOK NUMBER
International Standard Book Number 1558744681
050 ## - LIBRARY OF CONGRESS CALL NUMBER
Classification number PS 508.468
Item number .C293 2008
100 ## - MAIN ENTRY--PERSONAL NAME
Personal name Canfield, Jack
245 ## - TITLE STATEMENT
Title Chicken soup for the teenage soul :
Remainder of title 101 stories of life, love and learning/
Statement of responsibility, etc Jack Canfield.
260 ## - PUBLICATION, DISTRIBUTION, ETC. (IMPRINT)
Place of publication, distribution, etc Deerfield Beach, Florida :
Name of publisher, distributor, etc Health Communications Inc,
Date of publication, distribution, etc 2008.
300 ## - PHYSICAL DESCRIPTION
Extent 353 p. :
Other physical details ill. ;
Dimensions 22 cm.
521 ## - TARGET AUDIENCE NOTE
Target audience note
650 ## - SUBJECT ADDED ENTRY--TOPICAL TERM
Topical term or geographic name as entry element Teenagers
General subdivision Conduct of life.
700 ## - ADDED ENTRY--PERSONAL NAME
Personal name Hansen, Mark Victor
700 ## - ADDED ENTRY--PERSONAL NAME
Personal name Kirberger, Kimberly
942 ## - ADDED ENTRY ELEMENTS (KOHA)
Koha item type Books
Source of classification or shelving scheme Library of Congress Classification
Call number prefix Foreign
Holdings
Withdrawn status Lost status Source of classification or shelving scheme Damaged status Home library Current library Shelving location Date acquired Total Checkouts Total Renewals Full call number Barcode Date last seen Date checked out Copy number Price effective from Koha item type
    Library of Congress Classification   College Library College Library General Circulation Section 01/18/2010 8 41 PS 508.468 .C293 2008 C8161 05/02/2022 03/18/2022 1 03/10/2014 Books

Chicken soup for the teenage soul :

APA

Canfield J., Hansen M. V. & Kirberger K. (2008). Chicken soup for the teenage soul. Deerfield Beach, Florida: Health Communications Inc.

Chicago

Canfield Jack, Hansen Mark Victor and Kirberger Kimberly. 2008. Chicken soup for the teenage soul. Deerfield Beach, Florida: Health Communications Inc.

Harvard

Canfield J., Hansen M. V. and Kirberger K. (2008). Chicken soup for the teenage soul. Deerfield Beach, Florida: Health Communications Inc.

MLA

Canfield Jack, Hansen Mark Victor and Kirberger Kimberly. Chicken soup for the teenage soul. Deerfield Beach, Florida: Health Communications Inc. 2008.

  • Place hold
  • Print
  • Cite
  • Add to your cart (remove)
  • Save record
    BIBTEX Dublin Core MARCXML MARC (non-Unicode/MARC-8) MARC (Unicode/UTF-8) MARC (Unicode/UTF-8, Standard) MODS (XML) RIS
  • More searches
    Search for this title in:
    Other Libraries (WorldCat) Other Databases (Google Scholar) Online Stores (Bookfinder.com) Open Library (openlibrary.org)

Exporting to Dublin Core...

SOUTHVILLE LIBRARY

Southville International School and Colleges Library

1281 Tropical Ave. Cor. Luxembourg St., BF Homes International, Las Pinas City

Tel. No. 8256374 / 252358 Loc. 117/146

Powered by Koha